Participolis : (Record no. 76515)

MARC details
000 -LEADER
fixed length control field 00738nam a22002177a 4500
005 - DATE AND TIME OF LATEST TRANSACTION
control field 20130620111133.0
010 ## - LCCN (DPL NO)
LC control number ENG-107518
020 ## - INTERNATIONAL STANDARD BOOK NUMBER
International Standard Book Number 9780415811934
Terms of availability 895.00
035 ## - SYSTEM CONTROL NUMBER
System control number EN-91051
037 ## - SOURCE OF ACQUISITION
Source of stock number/acquisition DBAD/PUB
245 ## - TITLE STATEMENT
Title Participolis :
Statement of responsibility, etc edited by Karen Coelho, Lalitha Kamath [and] M. Vijayabaskar
Remainder of title consent and contention in neoliberal urban India /
260 ## - PUBLICATION, DISTRIBUTION, ETC. (IMPRINT)
Place of publication, distribution, etc New Delhi
Name of publisher, distributor, etc Routledge
Date of publication, distribution, etc 2013
270 ## - ADDRESS
Address 912, Tolstoy House, 15-17 Tolstoy Marg, Connaught Place
City New Delhi
Postal code 110001
300 ## - PHYSICAL DESCRIPTION
Extent vii,322p.
Dimensions 23cm(Hb)
490 ## - SERIES STATEMENT
Series statement Cities and urban imperative ; edited by Sujata Patel
500 ## - GENERAL NOTE
General note Includes index
700 ## - ADDED ENTRY--PERSONAL NAME
Personal name Coelho, Karen
700 ## - ADDED ENTRY--PERSONAL NAME
Personal name Kamath, Lalitha
700 ## - ADDED ENTRY--PERSONAL NAME
Personal name Vijayabaskar, M.
942 ## - ADDED ENTRY ELEMENTS (KOHA)
Source of classification or shelving scheme Dewey Decimal Classification
Item type English Books
Call number suffix PAR
Holdings
Withdrawn status Lost status Not for loan Collection code Home library Current library Date acquired Source of acquisition Cost, normal purchase price Full call number Barcode Copy number Cost, replacement price Koha item type
    Not For Loan Non-fiction D.B.Act.Division D.B.Act.Division 07/06/2013 DBAD/PUB 895.00 PAR EN-91051 1 895.00 English Books

© Delhi Public Library
Hit Counter
free hit counter